| 000 | 01564cam a2200397 a 4500 | ||
|---|---|---|---|
| 999 |
_c329041 _d329041 |
||
| 001 | 14697051 | ||
| 003 | Nust | ||
| 005 | 20170420193645.0 | ||
| 008 | 070111s2006 enk b 001 0 eng d | ||
| 010 | _a 2007367216 | ||
| 015 |
_aGBA653131 _2bnb |
||
| 016 | 7 |
_a013486341 _2Uk |
|
| 020 | _a1842931903 (pbk.) | ||
| 020 | _a9781842931905 (pbk.) | ||
| 020 | _a9781842932018 | ||
| 020 | _a1842932012 | ||
| 035 | _a(OCoLC)ocm70060202 | ||
| 040 |
_aUKM _cUKM _dBAKER _dYDXCP _dYDX _dMIA _dQBX _dOCLCQ _dBTCTA _dDLC |
||
| 042 | _alccopycat | ||
| 043 |
_af------ _aa------ _ae------ |
||
| 050 | 0 | 0 |
_aCB251 _b.W288 2006 |
| 082 | 0 | 4 |
_a909.09821 _222 |
| 082 | 0 | 4 |
_a909/.097670825 _222 |
| 100 | 1 | _aWallace-Murphy, Tim. | |
| 245 | 1 | 0 |
_aWhat Islam did for us / _cTim Wallace-Murphy. |
| 260 |
_aLondon : _bWatkins, _c2006. |
||
| 300 |
_aix, 260 p. ; _c24 cm. |
||
| 500 | _a"Understanding Islam's contribution to Western civilization"--Cover. | ||
| 504 | _aIncludes bibliographical references (p. 218-246) and index. | ||
| 650 | 0 |
_aCivilization, Western _xIslamic influences. |
|
| 856 | 4 | 2 |
_3Publisher description _uhttp://www.loc.gov/catdir/enhancements/fy1402/2007367216-d.html |
| 906 |
_a7 _bcbc _ccopycat _d3 _encip _f20 _gy-gencatlg |
||
| 942 |
_2ddc _cBK |
||